Aktívne tlmenie vibrácií spaľovacích motorov v osobných vozidlách

Na minha lista:
Detalhes bibliográficos
Autor principal: Gazdík, Marek (Author)
Outros Autores: Petrák, Peter (Thesis advisor)
Formato: Manuscrito Livro
Idioma:eslovaco
Publicado em: 2016
Assuntos:
Acesso em linha:http://is.stuba.sk/zp/portal_zp.pl?podrobnosti=133023
Tags: Adicionar Tag
Sem tags, seja o primeiro a adicionar uma tag!

MARC

LEADER 00000ntm a22000003a 4500
001 stuzp58297
003 SK-STU
005 20160719155524.8
007 ta
008 150427s2015----xo-----f-mn---000-0-slo-d
040 |a STU  |b slo 
041 0 |a slo 
100 1 |a Gazdík, Marek  |u 020030  |4 aut  |U SjF Strojnícka fakulta  |T SjF Ústav dopravnej techniky a konštruovania  |X 73245  |U J0030  |Y 806  |7 73245 
242 0 1 |a Active vibration damping of combustion engines in passenger cars  |y eng 
245 1 0 |a Aktívne tlmenie vibrácií spaľovacích motorov v osobných vozidlách 
260 |c 2016 
650 4 |a senzor  |2 slo 
650 4 |a aktívne lôžko motora  |2 slo 
650 4 |a vibrácie  |2 slo 
650 4 |a tlmenie vibrácií  |2 slo 
650 4 |a aktuátor  |2 slo 
650 4 |a active engine mount  |2 eng 
650 4 |a vibration  |2 eng 
650 4 |a vibration damping  |2 eng 
650 4 |a actuator  |2 eng 
650 4 |a sensor  |2 eng 
700 1 |a Petrák, Peter  |u 020030  |k Z1  |4 ths  |U SjF Strojnícka fakulta  |T SjF Ústav dopravnej techniky a konštruovania  |X 2414  |U J0030  |Y 806  |7 A000002414 
856 4 |u http://is.stuba.sk/zp/portal_zp.pl?podrobnosti=133023 
996 |b 284J044902  |c J* 2532/BP  |l JJSK  |s A  |a 24  |w stuzp58297_0001 
SQL |a stuzp58297  |b DBP  |c SLO  |d Aktívne tlmenie vibrácií spaľovacích motorov v osobných vozidlách  |e 73245  |f Gazdík, Marek  |g 020030  |h 2414  |i Petrák, Peter  |j 20160614  |k 1125  |l 02  |m http://is.stuba.sk/zp/portal_zp.pl?podrobnosti=133023  |n B-AMPS  |o 5.2.3. dopravné stroje a zariadenia